Katiba ya muungano wa Tanzania mwaka1977

Guardado en:
Detalles Bibliográficos
Autor Corporativo: Jamuhuri ya muungano wa Tanzania
Formato: Libro
Publicado: Dar es salaam - Tanzania: c2000.
Materias:
Etiquetas: Agregar Etiqueta
Sin Etiquetas, Sea el primero en etiquetar este registro!

MARC

LEADER 00000nam a2200000 4500
020 |a NA  |c TZS 5000/= 
040 |a MUL  |b Swahili  |e AACR 
082 |a 342.678 TAN  |b 1 
110 |a Jamuhuri ya muungano wa Tanzania  |d 1997. 
245 |a Katiba ya muungano wa Tanzania mwaka1977  |c / Jamuhuri ya muungano wa Tanzania 
260 |a Dar es salaam - Tanzania:  |c c2000. 
300 |a (s.n), 115 p .:  |c 26 cm. 
546 |a Swahili 
650 |a Katiba ya jamuhuri ya muungano wa Tanzania 
942 |c BK 
999 |c 864  |d 864